Online katalóg knižníc regiónu Turca

Z Rijádu do sveta (Record no. 22113)

MARC details
000 -LEADER
fixed length control field 01694cam a2200553 a 4500
001 - CONTROL NUMBER
control field 22113
003 - CONTROL NUMBER IDENTIFIER
control field VRT
005 - DATE AND TIME OF LATEST TRANSACTION
control field 20260320110529.0
008 - FIXED-LENGTH DATA ELEMENTS--GENERAL INFORMATION
fixed length control field 240314s2014 xo e 000 f slo
015 ## - NATIONAL BIBLIOGRAPHY NUMBER
National bibliography number SNBA2015/03
020 ## - INTERNATIONAL STANDARD BOOK NUMBER
International Standard Book Number 9788081143199
Qualifying information (viaz.)
035 ## - SYSTEM CONTROL NUMBER
System control number AC831F7E-9052-4FB1-9EB3-D466745B086C
035 ## - SYSTEM CONTROL NUMBER
System control number urn:nbn:sk:snk-amjooc
035 ## - SYSTEM CONTROL NUMBER
System control number urn:nbn:sk:snk-am002lr9
039 #9 - LEVEL OF BIBLIOGRAPHIC CONTROL AND CODING DETAIL [OBSOLETE]
Level of rules in bibliographic description 202403141146
Level of effort used to assign nonsubject heading access points VLOAD
Level of effort used to assign subject headings 201706081118
Level of effort used to assign classification AUTHORITY
Level of effort used to assign subject headings 201604291327
Level of effort used to assign classification VLOAD
Level of effort used to assign subject headings 201604271658
Level of effort used to assign classification VLOAD
040 ## - CATALOGING SOURCE
Original cataloging agency SKPK
Language of cataloging slo
Transcribing agency SKPK
Modifying agency SNK
Description conventions AACR2
041 0# - LANGUAGE CODE
Language code of text/sound track or separate title slo
044 ## - COUNTRY OF PUBLISHING/PRODUCING ENTITY CODE
MARC country code xo
ISO country code SK
072 #7 - SUBJECT CATEGORY CODE
Subject category code 821.162.4-3
Subject category code subdivision Slovenská próza
Source konspekt
080 ## - UNIVERSAL DECIMAL CLASSIFICATION NUMBER
Universal Decimal Classification number 316.346.2-055.2
Edition identifier 2001
080 ## - UNIVERSAL DECIMAL CLASSIFICATION NUMBER
Universal Decimal Classification number (532)
Edition identifier 2001
080 ## - UNIVERSAL DECIMAL CLASSIFICATION NUMBER
Universal Decimal Classification number 821.162.4-31
Edition identifier 2001
100 1# - MAIN ENTRY--PERSONAL NAME
Personal name Bulbeck, Soňa,
Dates associated with a name 1961-
Relationship aut
245 10 - TITLE STATEMENT
Title Z Rijádu do sveta
Statement of responsibility, etc. Soňa Bulbeck
250 ## - EDITION STATEMENT
Edition statement 1. vyd.
260 ## - PUBLICATION, DISTRIBUTION, ETC.
Place of publication, distribution, etc. Bratislava
Name of publisher, distributor, etc. Marenčin PT
Date of publication, distribution, etc. 2014
300 ## - PHYSICAL DESCRIPTION
Extent 317 s.
Dimensions 17 cm
650 07 - SUBJECT ADDED ENTRY--TOPICAL TERM
Topical term or geographic name entry element ženy
Geographic subdivision Saudská Arábia
Source of heading or term SNKPH
650 07 - SUBJECT ADDED ENTRY--TOPICAL TERM
Topical term or geographic name entry element Women
Geographic subdivision Saudi Arabia
Source of heading or term SNKPHeng
655 #7 - INDEX TERM--GENRE/FORM
Genre/form data or focus term slovenské romány
Source of term SNKPH
655 #7 - INDEX TERM--GENRE/FORM
Genre/form data or focus term Slovak fiction
Source of term SNKPHeng
910 ## - USER-OPTION DATA (OCLC)
User-option data skpk
910 ## - USER-OPTION DATA (OCLC)
User-option data pokpoh
910 ## - USER-OPTION DATA (OCLC)
User-option data sllk
910 ## - USER-OPTION DATA (OCLC)
User-option data ttkjf
910 ## - USER-OPTION DATA (OCLC)
User-option data vthk
910 ## - USER-OPTION DATA (OCLC)
User-option data hevk
910 ## - USER-OPTION DATA (OCLC)
User-option data totk
910 ## - USER-OPTION DATA (OCLC)
User-option data pppk
910 ## - USER-OPTION DATA (OCLC)
User-option data svkbb
910 ## - USER-OPTION DATA (OCLC)
User-option data snk
942 ## - ADDED ENTRY ELEMENTS (KOHA)
Source of classification or shelving scheme Dewey Decimal Classification
Koha item type Krásna literatúra pre dospelých
Suppress in OPAC No
949 ## - LOCAL PROCESSING INFORMATION (OCLC)
6 270001000479442
a svkbbA 143574
b svkbbm 750444
949 ## - LOCAL PROCESSING INFORMATION (OCLC)
a snklmDK 6898 SNKLM
b snklm2014/71
949 ## - LOCAL PROCESSING INFORMATION (OCLC)
6 2889207670
a savukPV 20061
b savuk2015/99
949 ## - LOCAL PROCESSING INFORMATION (OCLC)
6 17A1139891
a snkSD 84028
b snk2015/7409
o 84/15
s 6100:20140925
949 ## - LOCAL PROCESSING INFORMATION (OCLC)
6 273K0584365
a svkpoA 224302
b svkpo581910
949 ## - LOCAL PROCESSING INFORMATION (OCLC)
6 17A1160119
a snkSD 84028 D1
b snk2015/18873
o 84/15
Holdings
Stav vyradenia Strata Poškodenie Spôsob nadobudnutia Domovská knižnica Aktuálna knižnica Dátum nadobudnutia Total checkouts Čiarový kód exemplára Date last seen Typ exemplára
      Dar Obecná knižnica Horná Štubňa Obecná knižnica Horná Štubňa 20.03.2026   9788081143199 20.03.2026 Krásna literatúra pre dospelých
Projekt je podporený Slovenskou asociáciou knižníc
Prevádzkuje Turčianska knižnica Martin 2026